000 00427nam a2200193Ia 4500
008 210210b1946 xxu||||| |||| 00| 0 eng d
041 _aeng
082 _a829/193
100 _aCOPPARD (A E)
245 _aAdam and Eve and pinch me
260 _aEngland
_bPenguin Books
_c1946
650 _apinch
650 _ame
650 _aEve
650 _aand
650 _aAdam
690 _aEnglish Fiction
906 _a016800
999 _c136496
_d136496